BAYRAMLIK İSTEMEYEN ÇOCUKLAR ÇOCUKLARIN BAŞARISINI ARTIRMADA ANNE BABALARA DÜŞEN GÖREVLER (Record no. 908680)

MARC details
000 -LEADER
sabit uzunluktaki kontrol alanı 00328nam a2200097Ia 4500
001 - KONTROL NUMARASI
kontrol alanı 908680
005 - EN SON İŞLEMİN TARİH VE ZAMANI
kontrol alanı 20250826185059.0
008 - SABİT-UZUNLUKTA VERİ ÖĞELERİ--GENEL BİLGİ
sabit uzunluktaki kontrol alanı 250824s9999 xx 000 0 und d
245 #0 - ESER / YAZAR
ESER ADI BAYRAMLIK İSTEMEYEN ÇOCUKLAR ÇOCUKLARIN BAŞARISINI ARTIRMADA ANNE BABALARA DÜŞEN GÖREVLER
Yazar Adı M.EMİN KARABACAK
260 ## - YAYIN, DAĞITIM, VB.
YAYIN EVİ TEBEŞİR YAYINLARI
Holdings
Düşüm durumu Kayıp durumu Hasar Durumu Ödünç verilmez Ana kütüphane Geçerli Kütüphane Edinilen tarih Toplam ödünç verme sayısı Barkod Son görüntüleme tarihi Fiyatın geçerli olmaya başladığı tarih Koha materyal türü
        ŞEMS-İ TEBRİZİ ANADOLU İMAM HATİP LİSESİ ŞEMS-İ TEBRİZİ ANADOLU İMAM HATİP LİSESİ 24.08.2025   10674536 26.08.2025 26.08.2025 Books